书目信息 |
| 题名: |
李大钊诗文选集
|
|
| 作者: | 李大钊 著 | |
| 分册: | ||
| 出版信息: | 北京 人民文学出版社 1959.4 |
|
| 页数: | 343页 | |
| 开本: | 20cm | |
| 丛书名: | ||
| 单 册: | ||
| 中图分类: | I215.2 | |
| 科图分类: | ||
| 主题词: | 文学--作品集--中国 | |
| 电子资源: | ||
| ISBN: | ||
| 000 | 00558nam0 2200205 45 | |
| 001 | 0181013851 | |
| 005 | 20060912145401.03 | |
| 010 | @dCNY1.20 | |
| 091 | @a10019.1284 | |
| 100 | @a20810111d km y0chiy0120 ea | |
| 101 | 0 | @achi |
| 105 | @ach z 000zy | |
| 200 | 1 | @a李大钊诗文选集@Alidazhaoshiwenxuanji@f李大钊著@FLi Da Zhao Zhu |
| 210 | @a北京@c人民文学出版社@d1959.4 | |
| 215 | @a343页@c肖像,摹真@d20cm | |
| 606 | 0 | @a文学@x作品集@x中国 |
| 690 | @aI215.2@v3 | |
| 701 | 0 | @a李大钊@4著 |
| 801 | @aCN@bTSTC@c20060912 | |
| 905 | @dI215.2@e233@b75508@f1 | |
| 李大钊诗文选集/李大钊著.-北京:人民文学出版社,1959.4 |
| 343页:肖像,摹真;20cm |
| ISBN :CNY1.20 |
| ● |
| 相关链接 |
|
|
|
|
正题名:李大钊诗文选集
索取号:I215.2/233
 
预约/预借
| 序号 | 登录号 | 条形码 | 馆藏地/架位号 | 状态 | 备注 |
| 1 | 0075506 | 001784992 | 密集书库/ [索取号:I215.2/233] | 在馆 | |
| 2 | 0075508 | 002019577 | 第一样本阅览室/ [索取号:I215.2/233] | 在馆 | |
| 3 | 0075509 | 001784956 | 密集书库/ [索取号:I215.2/233] | 在馆 | |
| 4 | 0075510 | 001784910 | 密集书库/ [索取号:I215.2/233] | 在馆 | |
| 5 | 0075512 | 001784876 | 密集书库/ [索取号:I215.2/233] | 在馆 | |
| 6 | 0075513 | 001784830 | 密集书库/ [索取号:I215.2/233] | 在馆 | |
| 7 | 0075515 | 001737972 | 密集书库/ [索取号:I215.2/233] | 在馆 |